000 00285nam a2200097Ia 4500
001 1300824
005 20260420095911.0
008 260420s9999 xx 000 0 und d
245 0 _aKANATLI KEDİLER MASALI 1 DÖRT YAVRU
_cURSULA K. LE GUİN
260 _bGÜNIŞIĞI KİTAPLIĞI YAYINLARI
999 _c1300824
_d1300824